01340 2200265 4500001002100000005001500021035002000036007000300056008004100059020002200100082001100122084001700133100003900150245011500189250001400304300001200318264005000330336055200380337001900932338003700951856002600988650002801014990001601042990001601058INLIS00000000000532420260113092823 a0010-0126000031ta260113 e 0 ind  a978-623-190-529-1 a610.28 a610.28 NES k0 aNESI NOVITA,Si.T,.M.KESePengarang1 aKOMBINASI PIJAT OKSITOSIN DAN YOGA POSE :bSOLUSI MENYUSUI DENGAN LANCAR DAN NYAMAN /cNESI NOVITA,Si.T,.M.KES aCETAKAN 1 a144 hlm aYOGYKARTA :bCV. BINTANG SEMESTA MEDIA,c2023 2rdacontentaTEXT 346 2rdamediaaBUKU 2rdacarrieraMPK RAK KIRI LAJUR 1 aPERPUSTAKAAN KELILING 4aNESI NOVITA,Si.T,.M.KES a00000012572 a00000012573